Cap a una nova organització territorial de Catalunya [Recurs electrònic] / Josep Roca Caldera, Montserrat Moix Berguedà, Centre de Política de Sòl i Valoracions
ISBN:
84-8157-437-6
Descripción Física:
1 disc òptic (CD-ROM) ; 12 cm
Materias:
Ordenació del territori -- Catalunya
MARC
| LEADER | 00000nam a2200000Ia 4500 | ||
|---|---|---|---|
| 001 | 19815 | ||
| 008 | 160829s2004 xx 000 0 cat d | ||
| 020 | |a 84-8157-437-6 | ||
| 080 | |a CD-1-88 | ||
| 100 | |a Roca Caldera, Josep |9 45555 | ||
| 245 | |a Cap a una nova organització territorial de Catalunya [Recurs electrònic] / Josep Roca Caldera, Montserrat Moix Berguedà, Centre de Política de Sòl i Valoracions | ||
| 260 | |a Barcelona : |b Centre de Política de Sòl i Valoracions, |c 2004 | ||
| 300 | |a 1 disc òptic (CD-ROM) ; |c 12 cm | ||
| 650 | 0 | |a Ordenació del territori |z Catalunya |9 39338 | |
| 700 | |a Moix Berguedà, Montserrat |9 45556 | ||
| 700 | |a Centre de Política de Sòl i Valoracions |9 45557 | ||
| 901 | |a Arxiu | ||
| 942 | |n 1 | ||
| 952 | |0 0 |1 0 |4 0 |6 CD188 |7 1 |9 52668 |a Arxiu |b Arxiu |d 2016-12-01 |l 0 |o CD-1-88 |p 19815 |r 2016-12-01 00:00:00 |w 2016-12-01 |y ARXIU | ||
| 999 | |c 56517 |d 56517 | ||